| 000 | 00761nam a2200217Ii 4500 | ||
|---|---|---|---|
| 003 | JO-AjNU | ||
| 008 | 230605s9999||||xx |||||||||||||| ||und|| | ||
| 017 | _a1997/2/164 | ||
| 040 |
_aJO-AjNU _bara _erda _cJO-AjNU |
||
| 041 | _aara | ||
| 050 | 1 | 4 | _aHE268.5.Z7. A73.1997 |
| 100 | 3 |
_aعصفور، جهاد, _eauthor _936435 |
|
| 245 | 0 | 0 | _aالنقل بالطرق في مدينة عمان =ROAD TRANSPORTATION IN AMMAN |
| 264 | 3 | 1 | _aعمان:د.ن،1997 |
| 300 |
_a174ص _bيحتوي على ببلوغرافية من ص160-174ص |
||
| 336 |
_atext _btxt _2rdacontent |
||
| 337 |
_aunmediated _bn _2rdamedia |
||
| 338 |
_avolume _bnc _2rdacarrier |
||
| 490 | 0 | _aدراسات جغرافية؛1 | |
| 650 | 4 |
_aالنقل البري-الطرق-الاردن _936436 |
|
| 999 |
_aA15138 _c18706 _d18706 |
||